| 000 | 00326nam a22001217a 4500 | ||
|---|---|---|---|
| 999 |
_c3706 _d3706 |
||
| 008 | 200626b ||||| |||| 00| 0 eng d | ||
| 100 |
_93036 _aBesterfield, D. H. |
||
| 245 | 1 | 0 | _aTotal quality management / |
| 260 |
_aMumbai : _bPrentice Hall of India, _c2007. |
||
| 300 | _ax. | ||
| 650 | 0 | _aTotal quality management | |
| 942 | _cBK | ||